Engineering for dams/ (Record no. 19048)

MARC details
000 -LEADER
fixed length control field 01944nam a2200553 a 4500
001 - CONTROL NUMBER
control field vtls000013498
003 - CONTROL NUMBER IDENTIFIER
control field NLI
005 - DATE AND TIME OF LATEST TRANSACTION
control field 20210601181532.0
008 - FIXED-LENGTH DATA ELEMENTS--GENERAL INFORMATION
fixed length control field 101125s1954 nyu 001 0 eng
020 ## - INTERNATIONAL STANDARD BOOK NUMBER
Terms of availability $ 19.00 (v.1)
020 ## - INTERNATIONAL STANDARD BOOK NUMBER
Terms of availability $ 19.00 (v.2)
020 ## - INTERNATIONAL STANDARD BOOK NUMBER
Terms of availability $ 19.00 (v.3)
039 #9 - LEVEL OF BIBLIOGRAPHIC CONTROL AND CODING DETAIL [OBSOLETE]
-- 201011250106
-- VLOAD
040 0# - CATALOGING SOURCE
Original cataloging agency NLI
Language of cataloging eng
Transcribing agency VERGIS-2003
041 0# - LANGUAGE CODE
Language code of text/sound track or separate title eng
044 ## - COUNTRY OF PUBLISHING/PRODUCING ENTITY CODE
MARC country code nyu
082 04 - DEWEY DECIMAL CLASSIFICATION NUMBER
Classification number 627.8
100 1# - MAIN ENTRY--PERSONAL NAME
Personal name Creager, William Pitcher6d1878-
9 (RLIN) 51780
245 10 - TITLE STATEMENT
Title Engineering for dams/
Statement of responsibility, etc. William P. Creager, Joel D. Justin and Julian Hinds
260 ## - PUBLICATION, DISTRIBUTION, ETC.
Place of publication, distribution, etc. New York:
Name of publisher, distributor, etc. John Wiley,
Date of publication, distribution, etc. c1954
300 ## - PHYSICAL DESCRIPTION
Extent 3 v.;
Dimensions 23 cm.
500 ## - GENERAL NOTE
General note Includes index
500 ## - GENERAL NOTE
General note Library has V.1-3
505 0# - FORMATTED CONTENTS NOTE
Formatted contents note Vol. 1. General design -v. 2. Concrete dams -v. 3. Earth rock fill steel and timber dams
650 #0 - SUBJECT ADDED ENTRY--TOPICAL TERM
Topical term or geographic name entry element Hydraulic engineering
9 (RLIN) 603
650 #0 - SUBJECT ADDED ENTRY--TOPICAL TERM
Topical term or geographic name entry element Concrete dams
9 (RLIN) 51781
650 #0 - SUBJECT ADDED ENTRY--TOPICAL TERM
Topical term or geographic name entry element Dams
General subdivision Design and construction
9 (RLIN) 51782
650 #0 - SUBJECT ADDED ENTRY--TOPICAL TERM
Topical term or geographic name entry element Water
General subdivision storage
9 (RLIN) 51783
650 #0 - SUBJECT ADDED ENTRY--TOPICAL TERM
Topical term or geographic name entry element Dams, Iron and steel
9 (RLIN) 51784
650 #0 - SUBJECT ADDED ENTRY--TOPICAL TERM
Topical term or geographic name entry element Concrete construction
700 1# - ADDED ENTRY--PERSONAL NAME
Personal name Justin, Joel D.
9 (RLIN) 36022
700 1# - ADDED ENTRY--PERSONAL NAME
Personal name Hinds, Julian
9 (RLIN) 51785
887 ## - NON-MARC INFORMATION FIELD
Content of non-MARC field S. Vijayalakshmi
901 ## - LOCAL DATA ELEMENT A, LDA (RLIN)
a WL280
b 25/7/55 v.1
901 ## - LOCAL DATA ELEMENT A, LDA (RLIN)
a WL281
b 25/7/55 v.2
901 ## - LOCAL DATA ELEMENT A, LDA (RLIN)
a WL282
b 25/7/55 v.3
902 ## - LOCAL DATA ELEMENT B, LDB (RLIN)
a E 627.8 C 86 (1)
903 ## - LOCAL DATA ELEMENT C, LDC (RLIN)
a 02/03/2004
904 ## - LOCAL DATA ELEMENT D, LDD (RLIN)
a S. Vijayalakshmi
906 ## - LOCAL DATA ELEMENT F, LDF (RLIN)
a 012413
906 ## - LOCAL DATA ELEMENT F, LDF (RLIN)
a 012414
906 ## - LOCAL DATA ELEMENT F, LDF (RLIN)
a 012415
949 ## - LOCAL PROCESSING INFORMATION (OCLC)
-- VIRTUAITEM
-- 10000
-- 1
-- 100
6 WLX000000280ENG
9 v.1
a E 627.8 C86(1)v1
m 1
942 ## - ADDED ENTRY ELEMENTS (KOHA)
Source of classification or shelving scheme Dewey Decimal Classification
Koha item type Books
949 ## - LOCAL PROCESSING INFORMATION (OCLC)
-- VIRTUAITEM
-- 10000
-- 1
-- 100
6 WLX000000281ENG
9 v.2
a E 627.8 C86(1)v2
m 1
949 ## - LOCAL PROCESSING INFORMATION (OCLC)
-- VIRTUAITEM
-- 10000
-- 1
-- 100
6 WLX000000282ENG
9 v.3
a E 627.8 C86(1)v3
m 1
Holdings
Withdrawn status Lost status Damaged status Not for loan Collection code Home library Current library Shelving location Date acquired Total Checkouts Full call number Barcode Date last seen Copy/Vol. number Price effective from Koha item type
        New English National Library of India National Library of India New English - Main Stack Division     E 627.8 C 86 (1) WLX000000280ENG 01/06/2021 1 01/06/2021 Books
        New English National Library of India National Library of India New English - Main Stack Division     E 627.8 C 86 (1) WLX000000281ENG 01/06/2021 1 01/06/2021 Books
        New English National Library of India National Library of India New English - Main Stack Division     E 627.8 C 86 (1) WLX000000282ENG 01/06/2021 1 01/06/2021 Books
                                                                           
web counter

Copyright ©2020 The National Library of India, Govt. of India ↔ Hosted by NVLI, MOC ↔ Technology and Design by National Library of India, Ministry of Culture, Govt. of India